000 00525cam a2200193ua 4500
001 2274
005 20260515113452.0
008 110806n ii |||gr||||Z||||||asm
040 _cMAIN
082 _a371.207
100 _aKakoty, Bidyananda,
_eAuthor.
245 1 _aSiksha arthaniti aru saikhik parikalpana
_cby Bidyananda barkakoty
250 _a1st.
260 _aDibrugarh:
_bBanalata,
_c2003.
300 _a190p:
_bill;
_c23cm.
653 _aEducation
653 _aSiksha arthaniti aru saikhik parikalpana
942 _cBK
999 _c2136
_d2136